Statistics for Oscar Best Pictures by IMDb Description

Click here to take the quiz!

General Stats

  • This quiz has been taken 80 times
    (43 since last reset)
  • The average score is 57 of 95

Answer Stats

YearIMDb RatingDescriptionFilm% Correct
19739.2The aging patriarch of an organized crime dynasty transfers control of his clandestine empire to his reluctant son.The Godfather
100%
19948.9In German-occupied Poland during World War II, industrialist Oskar Schindler gradually becomes concerned for his Jewish workforce after witnessing their persecution by the Nazis.Schindler's List
97%
20048.8Gandalf and Aragorn lead the World of Men against Sauron's army to draw his gaze from Frodo and Sam as they approach Mount Doom with the One Ring.The Lord of the Rings: The Return of the King
97%
19958.8The presidencies of Kennedy and Johnson, the events of Vietnam, Watergate and other historical events unfold through the perspective of an Alabama man with an IQ of 75, whose only desire is to be reunited with his childhood sweetheart.Forrest Gump
94%
19759.0The early life and career of Vito Corleone in 1920s New York City is portrayed, while his son, Michael, expands and tightens his grip on the family crime syndicate.The Godfather Part II
94%
19448.5A cynical American expatriate struggles to decide whether or not he should help his former lover and her fugitive husband escape French Morocco.Casablanca
91%
20058.1A determined woman works with a hardened boxing trainer to become a professional.Million Dollar Baby
91%
19928.6A young F.B.I. cadet must receive the help of an incarcerated and manipulative cannibal killer to help catch another serial killer, a madman who skins his victims.The Silence of the Lambs
91%
19987.8A seventeen-year-old aristocrat falls in love with a kind but poor artist aboard the luxurious, ill-fated R.M.S. Titanic.Titanic
91%
20018.5A former Roman General sets out to exact vengeance against the corrupt emperor who murdered his family and sent him into slavery.Gladiator
88%
20208.6Greed and class discrimination threaten the newly formed symbiotic relationship between the wealthy Park family and the destitute Kim clan.Parasite
88%
19778.1A small-time boxer gets a supremely rare chance to fight a heavy-weight champion in a bout in which he strives to go the distance for his self-respect.Rocky
88%
20148.1In the antebellum United States, Solomon Northup, a free black man from upstate New York, is abducted and sold into slavery.12 Years a Slave
85%
19858.3The life, success and troubles of Wolfgang Amadeus Mozart, as told by Antonio Salieri, the contemporaneous composer who was insanely jealous of Mozart's talent and claimed to have murdered him.Amadeus
85%
19968.3Scottish warrior William Wallace leads his countrymen in a rebellion to free his homeland from the tyranny of King Edward I of England.Braveheart
85%
20237.9A middle-aged Chinese immigrant is swept up into an insane adventure in which she alone can save existence by exploring other universes and connecting with the lives she could have led.Everything Everywhere All at Once
85%
20198.2A working-class Italian-American bouncer becomes the driver of an African-American classical pianist on a tour of venues through the 1960s American South.Green Book
82%
19768.6A criminal pleads insanity and is admitted to a mental institution, where he rebels against the oppressive nurse and rallies up the scared patients.One Flew Over the Cuckoo's Nest
82%
20098.0A Mumbai teenager reflects on his life after being accused of cheating on the Indian version of "Who Wants to be a Millionaire?".Slumdog Millionaire
82%
20118.0The story of King George VI, his impromptu ascension to the throne of the British Empire in 1936, and the speech therapist who helped the unsure monarch overcome his stammer.The King's Speech
82%
20028.2After John Nash, a brilliant but asocial mathematician, accepts secret work in cryptography, his life takes a turn for the nightmarish.A Beautiful Mind
79%
20008.3A sexually frustrated suburban father has a mid-life crisis after becoming infatuated with his daughter's best friend.American Beauty
79%
19638.3The story of T.E. Lawrence, the English officer who successfully united and led the diverse, often warring, Arab tribes during World War I in order to fight the Turks.Lawrence of Arabia
79%
20078.5An undercover cop and a mole in the police attempt to identify each other while infiltrating an Irish gang in South Boston.The Departed
79%
20228.0As a CODA (Child of Deaf Adults) Ruby is the only hearing person in her deaf family. When the family's fishing business is threatened, Ruby finds herself torn between pursuing her passion at Berklee College of Music and her fear of abandoning her parents.CODA
76%
19807.8Ted Kramer's wife leaves him, allowing for a lost bond to be rediscovered between Ted and his son, Billy. But a heated custody battle ensues over the divorced couple's son, deepening the wounds left by the separation.Kramer vs. Kramer
76%
20137.7Acting under the cover of a Hollywood producer scouting a location for a science fiction film, a CIA agent launches a dangerous operation to rescue six Americans in Tehran during the U.S. hostage crisis in Iran in 1979.Argo
73%
19608.1After a Jewish prince is betrayed and sent into slavery by a Roman friend, he regains his freedom and comes back for revenge.Ben-Hur
73%
19838.0The life of the lawyer who became the famed leader of the Indian revolts against the British rule through his philosophy of nonviolent protest.Gandhi
73%
19588.1British POWs are forced to build a railway bridge across the river Kwai for their Japanese captors, not knowing that the allied forces are planning to destroy it.The Bridge on the River Kwai
73%
20037.1Two death-row murderesses develop a fierce rivalry while competing for publicity, celebrity, and a sleazy lawyer's attention.Chicago
70%
20177.4A young African-American man grapples with his identity and sexuality while experiencing the everyday struggles of childhood, adolescence, and burgeoning adulthood.Moonlight
70%
20088.1Violence and mayhem ensue after a hunter stumbles upon a drug deal gone wrong and more than two million dollars in cash near the Rio Grande.No Country for Old Men
70%
19898.0Selfish yuppie Charlie Babbitt's father left a fortune to his savant brother Raymond and a pittance to Charlie; they travel cross-country.Rain Man
70%
19788.0Neurotic New York comedian Alvy Singer falls in love with the ditzy Annie Hall.Annie Hall
67%
19997.1The world's greatest ever playwright, William Shakespeare, is young, out of ideas and short of cash, but meets his ideal woman and is inspired to write one of his most famous plays.Shakespeare in Love
67%
20107.5During the Iraq War, a Sergeant recently assigned to an army bomb squad is put at odds with his squad mates due to his maverick way of handling his work.The Hurt Locker
67%
20187.3At a top secret research facility in the 1960s, a lonely janitor forms a unique relationship with an amphibious creature that is being held in captivity.The Shape of Water
67%
20157.7A washed-up superhero actor attempts to revive his fading career by writing, directing, and starring in a Broadway production.Birdman or (The Unexpected Virtue of Ignorance)
64%
19918.0Lieutenant John Dunbar, assigned to a remote western Civil War outpost, befriends wolves and Indians, making him an intolerable aberration in the military.Dances with Wolves
64%
19408.1A manipulative woman and a roguish man conduct a turbulent romance during the American Civil War and Reconstruction periods.Gone with the Wind
64%
19497.6Prince Hamlet struggles over whether or not he should kill his uncle, whom he suspects has murdered his father, the former king.Hamlet
64%
20217.5A woman in her sixties who, after losing everything in the Great Recession, embarks on a journey through the American West, living as a van-dwelling modern-day nomad.Nomadland
64%
19697.4After being sold to a mortician, young orphan Oliver Twist runs away and meets a group of boys trained to be pickpockets by an elderly mentor.Oliver!
64%
19717.9The World War II phase of the career of controversial American general George S. Patton.Patton
64%
19618.3A man tries to rise in his company by letting its executives use his apartment for trysts, but complications and a romance of his own ensue.The Apartment
64%
20127.9An egomaniacal film star develops a relationship with a young dancer against the backdrop of Hollywood's silent era.The Artist
64%
19798.1An in-depth examination of the ways in which the U.S. Vietnam War impacts and disrupts the lives of people in a small industrial town in Pennsylvania.The Deer Hunter
64%
19668.0A woman leaves an Austrian convent to become a governess to the children of a Naval officer widower.The Sound of Music
64%
19878.1A young soldier in Vietnam faces a moral crisis when confronted with the horrors of war and the duality of man.Platoon
61%
19938.2Retired Old West gunslinger William Munny reluctantly takes on one last job, with the help of his old partner Ned Logan and a young man, The "Schofield Kid."Unforgiven
61%
20067.7Los Angeles citizens with vastly separate lives collide in interweaving stories of race, loss and redemption.Crash
58%
19907.3An old Jewish woman and her African-American chauffeur in the American South have a relationship that grows and improves over the years.Driving Miss Daisy
58%
19558.1An ex-prize fighter turned longshoreman struggles to stand up to his corrupt union bosses.On the Waterfront
58%
20168.1The true story of how the Boston Globe uncovered the massive scandal of child molestation and cover-up within the local Catholic Archdiocese, shaking the entire Catholic Church to its core.Spotlight
58%
19727.7A pair of NYC cops in the Narcotics Bureau stumble onto a drug smuggling job with a French connection.The French Connection
58%
19627.5Two youngsters from rival New York City gangs fall in love, but tensions between their respective friends build toward tragedy.West Side Story
58%
19318.0A German youth eagerly enters World War I, but his enthusiasm wanes as he gets a firsthand view of the horror.All Quiet on the Western Front
55%
19887.7The story of the final Emperor of China.The Last Emperor
55%
19748.3Two grifters team up to pull off the ultimate con.The Sting
55%
19576.8A Victorian Englishman bets that with the new steamships and railways he can circumnavigate the globe in eighty days.Around the World in 80 Days
52%
19687.9A black police detective is asked to investigate a murder in a racially hostile southern town.In the Heat of the Night
52%
19977.4At the close of World War II, a young nurse tends to a badly-burned plane crash victim. His past is shown in flashbacks, revealing an involvement in a fateful love affair.The English Patient
52%
19827.2Two British track athletes, one a determined Jew, and the other a devout Christian, compete in the 1924 Olympics.Chariots of Fire
48%
19867.2In 20th-century colonial Kenya, a Danish baroness/plantation owner has a passionate love affair with a free-spirited big-game hunter.Out of Africa
48%
19707.8A naive hustler travels from Texas to New York City to seek personal fortune, finding a new friend in the process.Midnight Cowboy
45%
19657.8Snobbish phonetics Professor Henry Higgins agrees to a wager that he can make flower girl Eliza Doolittle presentable in high society.My Fair Lady
45%
19518.2A seemingly timid but secretly ruthless ingénue insinuates herself into the lives of an aging Broadway star and her circle of theater friends.All About Eve
42%
19367.7First mate Fletcher Christian leads a revolt against his sadistic commander, Captain Bligh, in this classic seafaring adventure, based on the real-life 1788 mutiny.Mutiny on the Bounty
42%
19817.7The accidental death of the older son of an affluent family deeply strains the relationships among the bitter mother, the good-natured father, and the guilt-ridden younger son.Ordinary People
42%
19418.1A self-conscious woman juggles adjusting to her new role as an aristocrat's wife and avoiding being intimidated by his first wife's spectral presence.Rebecca
42%
19646.5The romantic and chivalrous adventures of adopted bastard Tom Jones in 18th-century England.Tom Jones
42%
19297.5Two young men, one rich, one middle class, who are in love with the same woman, become fighter pilots in World War I.Wings
39%
19677.7The story of Sir Thomas More, who stood up to King Henry VIII when the King rejected the Roman Catholic Church to obtain a divorce and remarry.A Man for All Seasons
36%
19547.6In Hawaii in 1941, a private is cruelly punished for not boxing on his unit's team, while his captain's wife and second-in-command are falling in love.From Here to Eternity
36%
19847.4Follows hard-to-please Aurora looking for love, and her daughter's family problems.Terms of Endearment
36%
19478.0Three World War II veterans return home to small-town America to discover that they and their families have been irreparably changed.The Best Years of Our Lives
36%
19536.6The dramatic lives of trapeze artists, a clown, and an elephant trainer are told against a background of circus spectacle.The Greatest Show on Earth
36%
19337.4A group of very different individuals staying at a luxurious hotel in Berlin deal with each of their respective dramas.Grand Hotel
33%
19358.1A renegade reporter and a crazy young heiress meet on a bus heading for New York, and end up stuck with each other when the bus leaves them behind at one of the stops.It Happened One Night
33%
19567.7A middle-aged butcher and a school teacher who have given up on the idea of love meet at a dance and fall for each other.Marty
33%
19376.7The ups and downs of Florenz Ziegfeld Jr., famed producer of extravagant stage revues, are portrayed.The Great Ziegfeld
33%
19527.2Three friends struggle to find work in Paris. Things become more complicated when two of them fall in love with the same woman.An American in Paris
30%
19325.9A newspaper editor settles in an Oklahoma boom town with his reluctant wife at the end of the nineteenth century.Cimarron
30%
19596.7Weary of the conventions of Parisian society, a rich playboy and a youthful courtesan-in-training enjoy a platonic friendship, but it may not stay platonic for long.Gigi
30%
19457.0When young Father O'Malley arrives at St. Dominic's, old Father Fitzgibbon doesn't think much of the church's newest member.Going My Way
30%
19427.7At the turn of the century in a Welsh mining village, the Morgans, he stern, she gentle, raise coal-mining sons and hope their youngest will find a better life.How Green Was My Valley
30%
19305.7A pair of sisters from the vaudeville circuit try to make it big time on Broadway, but matters of the heart complicate the attempt.The Broadway Melody
30%
19437.6A British family struggles to survive the first months of World War II.Mrs. Miniver
27%
19387.2The biopic of the famous French muckraking writer and his involvement in fighting the injustice of the Dreyfuss Affair.The Life of Emile Zola
27%
19467.9The desperate life of a chronic alcoholic is followed through a four-day drinking bout.The Lost Weekend
27%
19345.8A portrayal of the triumphs and tragedies of two English families, the upper-crust Marryots and the working-class Bridgeses, from 1899 to 1933.Cavalcade
24%
19507.5The rise and fall of a corrupt politician, who makes his friends richer and retains power by dint of a populist appeal.All the King's Men
21%
19487.2A reporter pretends to be Jewish in order to cover a story on anti-Semitism, and personally discovers the true depths of bigotry and hatred.Gentleman's Agreement
21%
19397.9A man from a family of rich snobs becomes engaged to a woman from a good-natured but decidedly eccentric family.You Can't Take It with You
21%

Score Distribution

Percentile by Number Answered

Percent of People with Each Score

Your Score History

You have not taken this quiz since the last reset